[Event "Olympiad-33"]
[Site "Elista"]
[Date "1998.10.02"]
[Round "4.3"]
[White "Romanishin, Oleg M"]
[Black "Ilincic, Zlatko"]
[Result "1/2-1/2"]
[WhiteElo "2600"]
[BlackElo "2570"]
[Annotator "Stohl,I"]
[PlyCount "86"]
[EventDate "1998.09.29"]
[EventType "team-swiss"]
[EventRounds "13"]
[EventCountry "RUS"]
[SourceTitle "CBM 068"]
[Source "ChessBase"]
[SourceDate "1999.02.01"]
[SourceVersion "1"]
[SourceVersionDate "1999.02.01"]
[SourceQuality "1"]
[WhiteTeam "Ukraine"]
[BlackTeam "Yugoslavia"]
[WhiteTeamCountry "UKR"]
[BlackTeamCountry "YUG"]

1. Nf3 Nf6 2. c4 g6 3. g3 Bg7 4. Bg2 O-O 5. O-O d6 6. d4 Nbd7 7. Qc2 e5 8. Rd1
Qe7 9. Nc3 c6 10. b3 {This game again shows White can hardly hope to gain any
substantial advantage without occupying the [+] by e4.} (10. e4 $142 {[%csl
Gc4,Gd4,Ge4]} exd4 11. Nxd4 Re8 12. Bf4 Ne5 13. b3 h6 14. h3 a5 15. Be3 Ned7
16. Re1 Nc5 17. Rad1 Bd7 18. Bf4 Nh5 19. Be3 Rad8 20. a3 Nf6 21. f3 Bc8 22. Bf2
Qc7 23. b4 axb4 24. axb4 Na6 25. Qb3 Nh5 26. f4 Kh7 27. Na4 Re7 28. b5 $36 {
Dizdarevic,E-Tkachiev,V/Cannes/1995/}) 10... Re8 11. h3 (11. e3 Nh5 $5 12. Ba3
e4 13. Nd2 f5 14. Ndxe4 fxe4 15. Nxe4 c5 16. dxc5 dxc5 17. Rac1 Rf8 18. Nd6 Rb8
19. b4 Ne5 20. bxc5 Bg4 21. Bd5+ Kh8 22. c6 Bxd1 23. Rxd1 Qd8 24. Nxb7 Qf6 25.
Nd6 h6 $13 {Chabanon,J-Gavrikov,V/Bern/1989/}) ({One move later White is
already forced to make a concession with 13.f3, which enables Black to get
good counterplay:} 11. e4 $5 exd4 12. Nxd4 Nc5 13. f3 (13. Bb2 Nfxe4 14. Nxe4
Nxe4 15. Re1 d5 16. cxd5 cxd5 17. f3 Qb4 18. fxe4 Bxd4+ 19. Bxd4 Qxd4+ 20. Qf2
Qxf2+ 21. Kxf2 d4 22. Rad1 Rd8 23. e5 Rb8 24. Re4 d3 $15 {De Veauce,L-Linton,W/
Blackpool/1971/}) 13... Bd7 (13... a5 14. Be3 h5 $5 15. h3 Nh7 16. Re1 h4 17.
g4 g5 18. Rad1 Be5 19. Nce2 Qf6 20. Qd2 Qg7 21. Kh1 Kh8 $132 {Loginov,V-Sale,S/
Harkany/1994/}) 14. Ba3 Rad8 15. Rd2 h5 16. b4 Ne6 17. Nde2 h4 18. Rad1 Nh5 19.
b5 hxg3 20. hxg3 Qg5 21. Bxd6 Bc8 22. f4 Qg4 23. Kf2 Nxg3 24. Nxg3 Rxd6 25.
Rxd6 Qxf4+ 26. Bf3 Ng5 $44 {->,Gasimov,R-Sutovskij,E/Holon/1995/}) (11. d5 cxd5
(11... c5 12. e4 Rf8 13. Bb2 h6 14. Nd2 Nh5 15. Rf1 f5 16. exf5 gxf5 17. f4
exf4 18. gxf4 Qe3+ 19. Kh1 Nxf4 20. Rf3 Nxg2 21. Rxe3 Nxe3 22. Qb1 Ne5 23. Nb5
Rf6 24. Nc7 Rb8 25. Ne8 $16 {Lalic,D-Ljubicic,F/Kladovo/1990/}) 12. cxd5 Nc5
13. e4 Bd7 14. b4 Na6 15. Qb3 Ng4 16. h3 Nh6 17. Be3 f5 18. b5 Nb8 19. Rac1 Nf7
20. Ne2 Rc8 21. Rxc8+ Bxc8 22. Rc1 Nd7 23. Qc4 Nb6 24. Qb3 Bh6 25. Bxh6 Nxh6
26. Nd2 Bd7 27. a4 Rc8 28. a5 Rxc1+ 29. Nxc1 Nc8 $11 {Lalic,D-Markovic,M/
Belgrade/1989/}) (11. Rb1 h6 (11... Nf8 $5 12. c5 $6 Bf5 13. cxd6 Bxc2 14. dxe7
Rxe7 15. Ba3 Ree8 16. Nxe5 N6d7 17. Nxd7 Nxd7 18. Rbc1 Bxd1 19. Rxd1 Bf8 20.
Bb2 Nb6 21. e3 Red8 $15 {Bunzmann,D-Oratovsky,M/Fuerth/1998/}) (11... a5 $6 {׫
} 12. dxe5 dxe5 13. Ng5 Nf8 14. Na4 Bf5 15. e4 Bg4 16. f3 Be6 17. Be3 N6d7 18.
Nh3 h5 19. Nf2 Bf6 20. Qc1 Nh7 21. Rb2 Red8 22. Rbd2 Qe8 23. Nd3 Bg5 24. f4
exf4 25. gxf4 Bh6 26. Rf2 Bg4 27. Re1 h4 28. h3 Bh5 29. e5 $36 {Loginov,
V-Mueller,M/Berlin/1995/}) (11... exd4 $5 12. Nxd4 Nc5 $132) 12. e4 exd4 13.
Nxd4 Nc5 14. f3 Bd7 15. Bf4 Rad8 16. Nde2 Be6 17. b4 g5 18. Be3 Ncd7 19. Bxa7
Ne5 20. Nd4 Nxc4 21. Qe2 Nd7 22. Nxe6 Qxe6 23. Bd4 Be5 24. b5 Nc5 25. Kh1 Bxd4
26. Rxd4 d5 $11 {Loginov,V-Varavin,V/Kstovo/1997/}) 11... exd4 $1 (11... h6 12.
dxe5 $6 dxe5 13. e4 Nh7 14. Rb1 Ndf8 15. Kh2 Ne6 16. Be3 Nhg5 17. Ne1 Nd4 18.
Qc1 f5 19. f4 {Grushka,C-Peralta,F/Buenos Aires/1998/} Nxe4 $15) 12. Nxd4 Nc5
$11 {Black controls e4 a has sufficient counterplay.} 13. Bb2 Bd7 14. e3 Rad8
15. Re1 Nce4 $1 {[%csl Ge4]} (15... Bc8 16. e4 {()}) 16. Nxe4 Nxe4 17. Nf3 (17.
Rad1 c5 18. Nf3 Bxb2 19. Qxb2 b5 $5 $132) 17... Bxb2 18. Qxb2 c5 $1 {A fine
positional move, with Bc6 coming and the strong outpost e4 the weakness of d5
is only temporary.} 19. Nd2 Bc6 (19... f5 $5 $13) 20. Rad1 (20. Nxe4 $142 Bxe4
21. Bxe4 (21. f3 Bc6 22. e4 Qe5 $5 (22... a6 $11) 23. Qf2 $8 f5 $132) 21...
Qxe4 22. Rad1 d5 23. Qf6 (23. Qd2 dxc4 24. Qxd8 Rxd8 25. Rxd8+ Kg7 $15 {o^<<})
23... d4 24. f3 Qe6 $11) 20... f5 $1 21. h4 (21. Nxe4 $6 fxe4 $15 {><f2,Bg2})
21... Qg7 22. Qxg7+ Kxg7 23. Nb1 d5 $36 24. cxd5 Bxd5 25. Rd3 c4 (25... Bc6 $5
26. Red1 Rxd3 27. Rxd3 Kf6 $15) 26. bxc4 Bxc4 27. Ra3 a6 28. Rc1 Bb5 29. Nc3
$11 Rc8 30. Bxe4 fxe4 31. Rb1 Bc6 32. Ne2 Rc7 33. Rc3 (33. Nd4 Bd5 34. Ra5 Rd8
$11) 33... Rec8 34. Rbc1 Kf6 35. Nd4 Ke5 36. Rc4 (36. Nxc6+ $6 Rxc6 37. Rxc6
Rxc6 $36 {<->c,><a2,/\} 38. Rxc6 $2 bxc6 39. Kf1 h5 $1 40. Ke2 Kd5 41. Kd2 Kc4
$19) 36... Kd6 {/\Bd5|^} 37. Nxc6 $1 Rxc6 38. Rd1+ Ke5 39. Rcd4 Rc1 40. Rd5+
Ke6 41. Rd6+ Ke5 (41... Kf5 42. R6d5+ Kg4 $2 43. Kg2 $1 {/\Rg5#}) (41... Ke7
42. Rd7+ Ke8 $6 43. Kg2 Rxd1 44. Rxd1 $14 {/\Rd4,Rd6-b6,><e4}) 42. R6d5+ Ke6
43. Rd6+ Ke5 1/2-1/2

[Event "GER CupT"]
[Site "Forchheim"]
[Date "2000.03.19"]
[Round "2"]
[White "Vaganian, Rafael A"]
[Black "Kveinys, Aloyzas"]
[Result "1-0"]
[WhiteElo "2618"]
[BlackElo "2496"]
[Annotator "Hansen,Cu"]
[PlyCount "87"]
[EventDate "2000.03.18"]
[EventType "team"]
[EventRounds "2"]
[EventCountry "GER"]
[SourceTitle "CBM 076"]
[Source "ChessBase"]
[SourceDate "2000.05.31"]
[SourceVersion "1"]
[SourceVersionDate "2000.05.31"]
[SourceQuality "1"]

{[%mdl 2]} 1. Nf3 Nf6 2. c4 g6 3. g3 Bg7 4. Bg2 O-O 5. d4 d6 6. O-O Nbd7 7. Nc3
e5 8. e3 Re8 9. a4 $5 {[%cal Ya4a5] ()} a5 10. b3 exd4 11. exd4 Ne4 12. Nxe4
Rxe4 13. Bg5 Bf6 14. Qd2 {[%csl Ra8,Rc8] Black is far behind in the
developement of his Q-side, but with only one <-> open, he can just about
stabilize his position} c6 15. h4 Bxg5 16. Nxg5 Re8 17. Rae1 Rxe1 18. Rxe1 Nf6
19. d5 c5 20. Qf4 Bf5 21. Be4 $1 {The starmove of the game. White forces black
to exchange all minor pieces after which he has full control over the e-<->}
Nxe4 22. Nxe4 {[%cal Re4d6]} Bxe4 23. Rxe4 {[%cal Ye4e8,Ye4e1,Yh4h5,Yh5h6]} h5
$8 24. Qe3 {[%cal Ye4e7]} Kf8 (24... Qf6 25. Re7 {[%cal Re7b7]} b6 26. Kg2 $16
{[%csl Rb6,Rd6][%cal Ye7d7,Ye7b7]}) 25. Qc3 {[%cal Yc3h8]} Kg8 26. Kh2 b6 27.
Kg2 Rb8 28. Kf1 Ra8 29. Kg2 Rb8 30. Qe3 Kf8 31. g4 $1 {The only possible
P-break but also very strong} hxg4 32. Rxg4 {[%cal Yh4h5] After this move it
seems to me black gets certain drawing chances.} (32. h5 $1 gxh5 (32... Kg7 33.
Re7 $16 Kf8 $2 34. hxg6 Qxe7 35. g7+ $18) (32... Qh4 33. Qf4 $16) 33. Qh6+ Kg8
34. Rf4 $1 $18 {This kind of move is easily overlooked when its possible to
take the two sacrificed Ps back with 34.Qxh5} (34. Qxh5 Qf6 $1 35. Rxg4+ Kf8
$11)) 32... Qd7 $6 (32... Qf6 $5 33. Rf4 (33. h5 gxh5 $1) 33... Qe7 (33... Qe5
34. Qxe5 dxe5 35. Rf6 $16) 34. Re4 Qf6) (32... Qe7 {according to the first
chessbaseversion this was played. However I was there and know it is wrong. I
got the moves of the whole game from Vaganjans own scoresheet. For my
chesscolumn in the danish newspaper Jyllandsposten} 33. Qh6+ Ke8 34. h5 {
would have been strong then}) 33. Qg3 {[%cal Yh4h5]} Kg7 34. Qc3+ {In blacks
timetrouble white keeps on restricting blacks possibilities} (34. h5 Qf5 $5)
34... Kg8 35. Qf3 {covering the square f5 and and again stropping blacks Q
from going there} Re8 36. h5 Kg7 37. hxg6 fxg6 38. Qc3+ Re5 (38... Kf7 39. Rh4
{[%cal Rh4h7]}) 39. Rg5 {[%cal Rg5e5,Rf2f4] Threatening both f2-f4 and Rxe5}
Kh6 40. Rxe5 dxe5 41. Qh3+ Qxh3+ 42. Kxh3 Kg5 43. f3 $1 Kf5 44. Kh4 {I find it
quite impressing how white used his () to outmanouvre black} 1-0

[Event "Yerevan zt 1.5"]
[Site "Yerevan"]
[Date "2000.06.10"]
[Round "4"]
[White "Vaganian, Rafael A"]
[Black "Kotronias, Vasilios"]
[Result "1-0"]
[WhiteElo "2618"]
[BlackElo "2539"]
[Annotator "Stohl,I"]
[PlyCount "75"]
[EventDate "2000.06.07"]
[EventType "swiss"]
[EventRounds "9"]
[EventCountry "ARM"]
[SourceTitle "CBM 078"]
[Source "ChessBase"]
[SourceDate "2000.10.18"]
[SourceVersion "1"]
[SourceVersionDate "2000.10.18"]
[SourceQuality "1"]

1. Nf3 Nf6 2. c4 g6 3. g3 Bg7 4. Bg2 O-O 5. O-O d6 6. Nc3 e5 7. d4 Nbd7 8. e3
$5 {This position arises more often with colours reversed, when White plays d3
against the French or Sicilian. Although the usual 8.e4 causes Black more
problems, the text has the advantage of being less explored and it is
sufficiently poisonous.} Re8 (8... c6 9. a4 a5 10. b3 Re8 11. Ba3 (11. Ra2 exd4
12. exd4 Nf8 13. d5 cxd5 14. Nxd5 Nxd5 15. Qxd5 Be6 16. Qd1 d5 17. Rd2 dxc4 18.
Rxd8 Raxd8 19. Qe1 cxb3 20. Qxa5 Bc4 21. Re1 Rxe1+ 22. Qxe1 b2 23. Bxb2 Bxb2
24. h4 $14 {Pavlovic,M-Konguvel,P/Biel/2000/}) 11... exd4 12. exd4 Nf8 13. Ra2
$1 Bf5 $6 14. d5 c5 15. Nb5 h6 16. Bc1 g5 17. h4 g4 18. Ne1 Ng6 19. Nd3 Nh5 20.
Re2 Qd7 21. Rfe1 Rxe2 22. Rxe2 Nf6 23. Nf4 b6 24. Ne6 $1 $16 {Dorfman,J-Nataf,
I/FRA-ch Vichy/2000/}) 9. a4 (9. b3 c6 (9... Nf8 10. dxe5 dxe5 11. Qxd8 Rxd8
12. Ba3 c6 13. Rad1 Re8 14. h3 h5 15. Rd2 N8h7 16. Rfd1 Bf5 17. Kh2 g5 18. Ng1
Bf8 19. Bxf8 Kxf8 20. Na4 Re7 21. Nc5 Rc8 22. Rd8+ Rxd8 23. Rxd8+ Kg7 24. Ne2
$14 {Ubilava,E-Oms Pallise,J/Andorra/1997/}) 10. a4 $5 (10. Bb2 e4 $1 {This is
long known to be a good recipe against 10.Bb2.} (10... exd4 11. Nxd4 Nc5 12.
Qc2 a5 13. Rad1 Bg4 14. f3 Bd7 15. e4 Qb6 16. Kh1 a4 17. Rfe1 axb3 18. axb3 Be6
19. Nce2 Bd7 20. Nc1 Rad8 21. Bc3 Bc8 22. b4 Ncd7 23. Ncb3 Qa7 24. f4 Re7 25.
c5 dxc5 26. Ra1 Qb8 27. bxc5 $16 {(),Malaniuk,V-Petrushin,A/Krasnodar/1997/})
11. Nd2 d5 12. f3 (12. cxd5 cxd5 13. f3 exf3 14. Qxf3 Nb6 15. e4 Bg4 16. Qf4
dxe4 17. Ncxe4 Bf5 18. Nxf6+ Bxf6 19. g4 Bg5 20. Qf3 Re3 21. Qxb7 Re7 22. Qf3
Re3 23. Qb7 Re7 24. Qa6 $2 Bc8 25. Qa5 Re2 26. Rad1 Bxg4 27. Ne4 Rxb2 28. Nxg5
Bxd1 29. Qe5 Rxg2+ 30. Kxg2 Qd5+ {0-1,Nikolaev,S-Kochyev,A/St Petersburg/1997/}
) 12... exf3 13. Qxf3 dxc4 14. Nxc4 (14. bxc4 Nc5 15. Nd5 Nxd5 16. Qxf7+ Kh8
17. cxd5 cxd5 18. Qxd5 Qxd5 19. Bxd5 Na4 20. Ba3 Rxe3 21. Rae1 Rxe1 22. Rxe1
Bxd4+ 23. Kg2 Bd7 24. Bxb7 Re8 25. Rxe8+ Bxe8 26. Bd5 Kg7 27. Nf3 {1/2,
Malaniuk,V-Schandorff,L/Copenhagen op/1991/}) 14... Nb6 15. Ne5 Be6 16. Rad1
Nbd7 17. Nxd7 Qxd7 18. d5 cxd5 (18... Bg4 19. dxc6 Qe6 $13) 19. Nxd5 Nxd5 20.
Bxg7 Kxg7 21. e4 Kg8 22. Qf2 $1 Bg4 23. Rd2 Re5 24. Rxd5 Rxd5 25. exd5 $14 {
Rodriguez Vargas,O-Mowsziszian,K/Salamanca/1998/}) 10... exd4 11. exd4 Nf8 12.
a5 a6 13. Bb2 Bf5 14. Nh4 Bg4 15. Qd2 Qd7 16. Rfe1 Bh3 17. d5 Bxg2 18. Nxg2
Rxe1+ 19. Rxe1 Re8 20. Rxe8 Nxe8 21. Ne3 c5 22. Na4 Bxb2 23. Qxb2 h5 24. h4 Nh7
25. Nb6 Qe7 26. b4 cxb4 27. Qxb4 Nhf6 28. Qe1 Qe4 $132 {1/2,Ibragimov,
I-Thipsay,P/Guntur/2000/}) 9... c6 (9... a5 10. b3 exd4 11. exd4 Ne4 12. Nxe4
Rxe4 13. Bg5 Bf6 14. Qd2 c6 15. h4 Bxg5 16. Nxg5 Re8 17. Rae1 Rxe1 18. Rxe1 Nf6
19. d5 c5 20. Qf4 Bf5 21. Be4 $1 Nxe4 22. Nxe4 Bxe4 23. Rxe4 h5 24. Qe3 $36 {
[%cal Ge1e8] <->e,Vaganian,R-Kveinys,A/GER Cup/2000/}) (9... exd4 $142 $5 10.
exd4 (10. Nxd4 a5 {/\Nc5}) 10... c6 $11) 10. a5 e4 $6 {Now Black won't be able
to maintain his [+], Vaganian will break it up just as with Black in his
favourite French.} (10... a6 11. b4 h5 12. Bb2 e4 13. Nd2 d5 14. Na4 Nf8 15.
cxd5 cxd5 16. Qb3 Bg4 17. Nb6 Rb8 18. f3 exf3 19. Nxf3 Be6 20. Ng5 N8d7 21.
Nxe6 fxe6 22. Na4 h4 23. Qd3 hxg3 24. hxg3 $14 {Donaldson,J-Smith,B/Los
Angeles/2000/}) (10... exd4 11. Nxd4 $5 $14) (10... Qc7 $5) 11. Ng5 {White
plays the most ambitious move.} (11. Nd2 d5 12. cxd5 cxd5 13. f3 Bh6 $5 14. Nb3
$14 {[%csl Rd5,Re4] ><d5,e4}) 11... d5 12. cxd5 cxd5 13. f3 Bh6 (13... h6 14.
Nh3 $36 {[%cal Rh3f4] /\Nf4><d5}) 14. h4 $5 (14. Nh3 $14) 14... Qc7 (14... Nh5
$5 15. Nxd5 Nxg3 16. Rf2 $36) (14... exf3 15. Qxf3 $16) 15. fxe4 (15. Kh2 $2
Nh5 16. Qe1 Ndf6 $15) 15... Qxg3 16. Qe1 $1 Qxe1 $8 (16... Nxe4 17. Qxg3 Nxg3
18. Rxf7 $1 Bxg5 19. Bxd5 $16) 17. Rxe1 dxe4 18. Ngxe4 Nxe4 19. Nxe4 $36 {
[%csl Rb7,Gd4,Ge3][%cal Gh1a8] [+],/^h1-a8,><b7} Bf8 20. Bd2 a6 (20... Be7 21.
Rec1 $5 f5 22. Ng5 $16) 21. Nc3 $1 f5 (21... Nf6 $142 22. e4 $14 {/+/-}) 22.
Nd5 $32 Bd6 23. Rac1 Rb8 24. Kf2 Kf7 25. Bb4 $1 $16 Bxb4 26. Nxb4 {[%cal Gc1c8]
<->c} Nf6 27. Rc7+ Re7 (27... Kf8 28. Nd5 $40) 28. Rec1 Bd7 (28... Be6 29.
Rxe7+ Kxe7 30. Rc7+ $18) (28... Rxc7 29. Rxc7+ Ke6 30. Bf3 $16 {/\} Kd6 31. Rf7
Ke6 32. Rf8) 29. Nd5 Nxd5 30. Bxd5+ Be6 (30... Kf6 31. Bxb7 Bb5 32. Bd5 $16)
31. Rxe7+ Kxe7 32. Rc7+ Kd6 33. Rxb7 $18 Rc8 (33... Rxb7 34. Bxb7 Bc4 35. b4
Kc7 36. Bf3 {[%cal Rf3e2] /\Be2+-}) 34. Bxe6 Kxe6 35. Kf3 Rc2 36. b4 Rb2 37.
Rxh7 Rxb4 38. Ra7 1-0

[Event "Moscow Aeroflot op"]
[Site "Moscow"]
[Date "2002.02.07"]
[Round "5"]
[White "Akopian, Vladimir Eduardovic"]
[Black "Efimenko, Zahar"]
[Result "1/2-1/2"]
[WhiteElo "2680"]
[BlackElo "2546"]
[Annotator "Stohl,I"]
[PlyCount "86"]
[EventDate "2002.02.04"]
[EventType "swiss"]
[EventRounds "9"]
[EventCountry "RUS"]
[SourceTitle "CBM 088"]
[Source "ChessBase"]
[SourceDate "2002.03.21"]
[SourceVersion "1"]
[SourceVersionDate "2002.03.21"]
[SourceQuality "1"]

1. c4 Nf6 2. Nf3 g6 3. g3 Bg7 4. Bg2 O-O 5. O-O d6 6. Nc3 e5 7. d4 Nbd7 8. h3 {
A clever move order, aimed against Black's next move.} a6 (8... c6 $142 9. e4 {
-E69}) 9. dxe5 dxe5 (9... Nxe5 10. Nxe5 dxe5 11. Bg5 Qxd1 12. Rfxd1 Rb8 13. Nd5
$1 Nxd5 14. cxd5 f6 15. Be3 Bd7 16. Rac1 Rfc8 17. d6 c6 18. Bb6 Kf7 19. Rd3 Be6
20. d7 Rd8 21. Bc7 Ra8 22. Bxd8 Rxd8 23. e3 $14 {Akopian,V-Ivanov,I/New York/
1994/}) 10. Be3 $1 {The point. In this type of positions Black sooner or later
needs to play c6, which now weakens b6 and the whole << dark-sqaure complex.
White can also used the e4-square for his N and the still open /^h1-a8 (all
because he postponed the move e4).} (10. Qc2 $143 c6 11. Rd1 Qe7 12. e4 $6 b5
13. cxb5 axb5 14. Be3 Bb7 15. Nd2 Ne8 16. Nb3 Nef6 17. Ne2 Rfd8 18. Nec1 Ra4
19. Nd3 Nxe4 $1 20. Bxe4 Rxe4 21. Na5 Ba8 22. Nxc6 Qe6 $1 23. Nxd8 Qxh3 24. Nc6
Rc4 $19 {Burmakin,V-Volokitin,A/Biel op/2000/}) 10... Re8 (10... Rb8 11. Qc2 $5
(11. Qc1 $6 c6 12. Rd1 Qe7 13. c5 Ne8 14. Ne4 f5 15. Nd6 e4 16. Qc4+ Kh8 17.
Ng5 Ne5 18. Qb3 Nc7 19. Bf4 Be6 20. Nxe6 Nxe6 $11 {Dautov,R-Manik,M/EU-chT
Batumi/1999/}) (11. c5 Qe7 12. b4 Rd8 13. Qc2 Nf8 14. Rad1 Bf5 15. Qc1 Bd7 16.
Bg5 Bc6 17. Qe3 Ne6 18. Qxe5 h6 19. Bxf6 Qxf6 20. Qxf6 Bxf6 21. Rc1 $14 {
Akopian,V-Arizmendi Martinez,J/Ubeda op/2001/}) 11... c6 12. Rfd1 Qe7 13. Rac1
b5 $6 {׫} 14. Nd2 b4 15. Na4 Bb7 16. Nb3 Rfc8 17. Nac5 $16 {Ribli,Z-Orak,L/
CRO Cup Pula/1998/}) ({White's advantage is not large, but neutralizing it is
not an easy task and moreover White risks practically nothing in a symmetrical
position.} 10... c6 11. Qb3 Qe7 12. Rfd1 (12. c5 Kh8 13. Nd2 Ng8 14. Nde4 f5
15. Bg5 Ngf6 16. Bxf6 Nxf6 17. Nd6 e4 18. e3 Rb8 19. Rfd1 Be6 20. Qa3 h5 21. h4
Nd5 22. Ne2 b6 $132 {Galliamova,A-Renet,O/Koszalin/1997/}) 12... Rb8 (12... Ne8
13. c5 Nc7 14. Rac1 Kh8 15. Ne4 f5 16. Bg5 Qe6 17. Nd6 e4 18. Nxc8 Raxc8 19.
Nd4 Qxb3 20. axb3 Rf7 21. Bf4 Nd5 22. e3 Re8 23. Bf1 Bf8 24. b4 $1 Nxb4 25. Bc4
Nd5 26. Bxd5 cxd5 27. b4 $44 {Ribli,Z-Beliavsky,A/HUN-chT/1998/}) (12... h6 13.
Rac1 Kh7 14. Kh2 Ne8 15. Na4 f5 16. Nb6 Nxb6 17. Qxb6 Rg8 18. b3 a5 19. a4 Bf6
20. Ne1 Qe6 21. Nd3 Ra6 22. Qc5 g5 23. Qa3 e4 24. Nc5 Qe7 25. b4 axb4 26. Qxb4
Ra8 27. Rb1 $14 {Adorjan,A-Nijboer,F/Zalaegerszeg/1991/}) (12... Re8 13. Ng5
Nc5 14. Bxc5 (14. Qa3 $5 Bf8 15. b4 Ne6 16. Nge4 $14) 14... Qxc5 15. Nce4 Nxe4
16. Nxe4 Qa5 $5 (16... Qe7 17. Nd6 Rd8 18. c5 Qc7 19. Kh2 Bf6 20. Bf3 Rb8 21.
Bg4 $14 {Akopian,V-Ubilava,E/Daugavpils/1989/}) 17. Nd6 Re7 18. Rac1 Qc7 {
1/2,Ruck,R-Gallagher,J/Charleville/2000/} 19. c5 Rb8 {[%cal Yc8e6] /\Be6}) 13.
Rac1 Kh8 14. c5 h6 15. Nd2 Ne8 16. Nc4 f5 17. Na4 Nc7 18. Nd6 Nb5 19. Qd3 Nf6
20. Nxc8 Rbxc8 21. Nb6 Rcd8 22. Qc4 Nh5 23. Rxd8 Rxd8 24. a4 f4 $1 $132 {
Piket,J-Nijboer,F/NED-ch/1992/}) 11. Qb3 c6 12. Ng5 $1 $146 (12. Rfd1 Qe7 {
-10...c6}) 12... Nf8 (12... Qe7 13. Nge4 Nxe4 14. Nxe4 {/\} f5 15. c5+ Qe6 16.
Nd6 $36) 13. Rad1 Qe7 14. Na4 $1 (14. Nge4 Nxe4 15. Nxe4 Ne6 $14 {<=>}) 14...
N6d7 (14... N8d7 15. Rd2 $32) 15. Ne4 Ne6 16. Nd6 Nd4 $8 (16... Rd8 17. Nxc8
Raxc8 18. Qxb7 $18) 17. Bxd4 Qxd6 18. Be3 Qc7 19. Rd2 Rb8 20. Rfd1 (20. c5 Nf8
$14) 20... b5 (20... c5 21. Nc3 $16 {[%csl Rd5][%cal Gd1d8] ><d5,<->d} (21. Qd3
$16 {[%cal Rd3d6] /\Qd6})) (20... b6 21. Qd3 $16) (20... Nf8 $2 21. Bb6 Qe7 22.
Bd8 $18) 21. Nc3 $1 {[%cal Rc3e4,Re4d6] /\Ne4-d6} (21. Nc5 Nb6 $5 22. cxb5 cxb5
23. Rd6 $36) 21... Nb6 (21... Bf8 22. Ne4 $16) 22. Rd6 bxc4 (22... Nxc4 23.
Rxc6 Qb7 (23... Qa5 24. Rxc4 Be6 25. Qb4 $18) 24. Rc5 (24. Rxg6 $5 hxg6 25.
Bxb7 Rxb7 $16) 24... e4 25. Nxe4 $1 Nxe3 (25... Rxe4 26. Rd8+ Bf8 27. Rxc4 $1
bxc4 28. Bh6 Qe7 29. Rxf8+ Qxf8 30. Qxb8 $18) 26. Nf6+ Bxf6 27. Bxb7 Nxd1 28.
Bxc8 Rexc8 29. Rxc8+ Rxc8 30. Qxd1 Bxb2 31. Qd6 $16 {/+-}) (22... Nd5 23. cxd5
$1 Qxd6 24. dxc6 Qe7 25. Nd5 Qf8 (25... Qd6 26. c7 Rb7 27. Bg5 $1 Rxc7 28. Ne7+
$18) 26. Bd2 $1 Kh8 27. Bb4 Qg8 28. Bd6 $18) 23. Qa3 $1 (23. Qc2 $2 Bf5 24. Qc1
Nd5 $15) 23... Bf8 (23... Nd5 $2 24. Bxd5 cxd5 25. Nxd5 Qb7 26. Rb6 Qa8 27. Nc7
$18) 24. Bc5 Bb7 25. R6d2 (25. Bxb6 Qxb6 26. Nd5 Bxd6 27. Qxd6 Qxb2 28. Nf6+
Kg7 $17) 25... Nd5 (25... Red8 $5 26. Ne4 Rxd2 27. Rxd2 Rd8 28. Bxf8 Rxf8 29.
Qa5 $16) 26. Bxf8 {[%mdl 256] White has a strategically overwhelming position,
but starts to falter, missing stronger alternatives. Finally Black's dogged
defence manages to save the game.} (26. Ne4 $142 $5 f5 27. Nd6 Re6 28. Nxc4 $16
) 26... Rxf8 27. Qc5 Nxc3 28. bxc3 Bc8 $5 29. Qxc4 (29. Rd6 Rb5 (29... Be6 $2
30. Rxc6 Qb7 31. Rxe6 $18) 30. Qxc4 Be6 31. Qxc6 Qxc6 32. Rxc6 (32. Bxc6 Rb2
$132) 32... Bxa2 (32... Ra5 $5) 33. Rxa6 Bc4 $14) 29... Rb6 (29... Be6 30. Qxa6
$16) 30. Qc5 $6 (30. a4 $5 c5 (30... Be6 31. Qc5 $16) 31. Rd5 Be6 32. Rxc5 Rd8
(32... Bxc4 33. Rxc7 Bxe2 34. Rd5 $18) 33. Rxd8+ Qxd8 34. Qd3 $16) 30... Rb5 $1
31. Qd6 (31. Qxc6 Qxc6 32. Bxc6 Rc5 $14 {/=}) 31... Qxd6 32. Rxd6 Rc5 33. Rxc6
(33. Rc1 Be6 34. Rxc6 Rxc6 35. Bxc6 Bxa2 $11) (33. R1d3 Bf5 $11) 33... Rxc6 34.
Bxc6 Bxh3 35. Bd5 (35. Bb7 Be6 $5 36. Bxa6 Bxa2 37. c4 Ra8 $11) 35... Rc8 36.
c4 Be6 $5 37. Bxe6 (37. e4 Bxd5 38. cxd5 f5 $11) 37... fxe6 38. Rc1 (38. Rd6
Rxc4 39. Rxa6 Kf7 40. Ra7+ Kf6 41. Rxh7 Ra4 $11) 38... Kf7 39. f3 e4 $1 40. f4
(40. fxe4 Rc5 41. Kf2 h5 $44) 40... Rc5 41. Rc3 e5 42. Kf2 (42. fxe5 $6 Ke6 $36
) 42... Kf6 43. Ke3 Kf5 (43... Kf5 44. fxe5 Kxe5 45. Ra3 a5 46. Rb3 Rxc4 47.
Rb5+ $11) 1/2-1/2